000 00823nas a2200265 4500
001 BR0905354
003 BR-BrBNA
005 20231205113650.0
007 ta
008 230509b bl.|||p| |||| 00| 00por d
040 _aBR-BrBNA
_bpor
_cBiblioteca Nacional de Agricultura
041 _a(Pt)
072 _aL74; L50
100 1 _aMaia, L.
100 1 _aSouza, M.V. de
245 1 _aComponentes ricos em plaquetas na reparação de afecções tendo-ligamentosas e osteo-articulares em animais
650 _aPLASMA
650 _aCRESCIMENTO
650 _aMORFOLOGIA
650 _aCOMPOSIÇÃO QUÍMICA
650 _aDISTÚRBIO FISIOLÓGICO
773 0 _tCiência Rural (Brazil)
_xISSN 0103-8478
_g(Jul 2009), v. 39(4) p. 1267-1274
_wBR0905354
909 _a202311
_bLúcia
_c55
_dLúcia Elande
942 _2AGRIS
_n0
_cANA
999 _c204963
_d204963